000 00976nam a22003137a 4500
001 4527367
003 LIBRIS
005 20210414110205.0
008 011211s1999 xxk 000 0 eng c
020 _a0099282410 (pbk)
040 _aeng
_beng
_cDLC
041 _aeng
080 _a821.111
_bH-30
084 _aHe.01
_2kssb/6
100 1 _aHarris, Robert,
_d1957-
_0190099
245 0 0 _aArchangel /
_cRobert Harris
_b/ by: Arrow Books
260 _aLondon
_bArrow Books
_c1999
300 _a421 p.
_c18cm
365 _b5.99 gbp
600 1 4 _aStalin, Josef,
_d1879-1953
_xArchives
_xFiction
650 0 _9254
_aEnglish literature
653 _aინგლისური ლიტერატურა
900 1 s _6100
_d1957-
_uHarris, Robert,
_d1957-
942 _2udc
_cBK
999 _c2061
_d2061